A viúva do médico (Record no. 2018)
[ view plain ]
| 000 -Etiqueta do registo | |
|---|---|
| Valores | 00715nam a2200265 4500 |
| 010 ## - Número ISBN | |
| ISBN | 9789897891342 |
| 021 ## - Número do Depósito Legal | |
| Código do país | Portugal |
| Número | 541999/25 |
| 100 ## - Dados gerais de processamento | |
| Dados gerais | 20251215d2025 m||y0pory50030103ba |
| 101 ## - Língua de publicação | |
| Língua | Português |
| 102 ## - País de publicação | |
| País | Portugal |
| 200 ## - Titulo e menção de responsabilidade | |
| Título próprio | A viúva do médico |
| Primeira menção de responsabilidade | Daniel Hurst |
| Outras menções de responsabilidade | trad. Alberto Gomes |
| 205 ## - Menção da edição | |
| Edição | 1ª edição |
| 210 ## - Publicação | |
| Local de publicação | Porto |
| Nome do editor | Singular |
| Data de publicação | 2025 |
| 215 ## - Descrição física | |
| Paginação / Volumes | 213, [2] p. |
| Dimensões | 24 cm |
| 300 ## - Notas gerais | |
| Texto da nota | BMB-Registado |
| 304 ## - Nota relativa ao título | |
| Texto de nota | Tít. orig.: The doctor's widow |
| 606 ## - Nome comum usado como assunto | |
| ID Autoridade | 824 |
| Palavra de ordem | Literatura Inglesa |
| 606 ## - Nome comum usado como assunto | |
| ID Autoridade | 778 |
| Palavra de ordem | Romance Policial |
| 675 ## - CDU | |
| Notação | 821.111-312.4 |
| Edição | BMB |
| Língua | por |
| 700 ## - Autor principal (pessoa individual) | |
| Apelido | Hurst |
| Nome | Daniel |
| ID Autoridade | 2889 |
| 702 ## - Autor secundário (pessoa individual) | |
| ID Autoridade | 2890 |
| Apelido | Gomes |
| Nome | Alberto |
| Função | Tradutor |
| 801 ## - Fonte de origem | |
| País | PT |
| Agência | BMB |
| Regras de catalogação | RPC |
| 990 ## - Elementos KOHA | |
| Tipo de documento | Livro |
| Situação do levantamento | Estado | Número | Biblioteca de origem | Código de barras | Cota | Permissão de empréstimo | Tipo de documento | Forma de aquisição |
|---|---|---|---|---|---|---|---|---|
| 1 | Biblioteca Municipal de Borba | 1968 | 821.111-312.4 HUR / VIU | Livro | Compra |